[Event "Hersonissos op 3rd"]
[Site "Hersonissos"]
[Date "2019.05.16"]
[Round "2"]
[White "Breedveld, Erik"]
[Black "Izotov, Vladimir Sergeevich"]
[Result "0-1"]
[WhiteElo "1843"]
[BlackElo "2123"]
[PlyCount "96"]
[EventDate "2019.05.15"]
[EventType "swiss"]
[EventRounds "9"]
[EventCountry "GRE"]
[SourceTitle "CBM 190 Extra"]
[Source "ChessBase"]
[SourceDate "2019.07.15"]
[SourceVersion "1"]
[SourceVersionDate "2019.07.15"]
[SourceQuality "1"]

1. d4 Nf6 2. Nf3 g6 3. Bf4 Bg7 4. e3 b6 5. Nbd2 Bb7 6. Bd3 d6 7. h3 0-0 8. 0-0 c5 9. c3 Nc6 10. Bg5 Rc8 11. Qe2 Rc7 12. Ba6 Ba8 13. Rad1 Nb8 14. Bd3 Nbd7 15. Rfe1 Qc8 16. Ba6 Bb7 17. Bxb7 Qxb7 18. a4 a6 19. Qd3 Re8 20. Qb1 Qc6 21. Qa2 Ra8 22. e4 e5 23. d5 Qb7 24. Nc4 Ne8 25. Ne3 b5 26. a5 c4 27. Nc2 Nc5 28. Nb4 f5 29. exf5 gxf5 30. Be3 Ne4 31. Nd2 Nc5 32. Nf3 Nf6 33. Ng5 Re8 34. Qb1 e4 35. Bxc5 dxc5 36. d6 Rd7 37. Nc2 h6 38. Ne3 f4 39. Nf5 hxg5 40. Ne7+ Kf7 41. f3 Bf8 42. fxe4 Bxe7 43. e5 Bxd6 44. exf6 Rxe1+ 45. Rxe1 Kxf6 46. g4 fxg3 47. Rf1+ Bf4 48. h4 Rd2 0-1